000 00557nam a22001937a 4500
003 OSt
005 20140310182911.0
008 130128t xxu||||| |||| 00| 0 eng d
050 _aJQ 1410
_b.Is86 2007
082 _aFIL 361.1
_bTw93 2007
245 _aIssue analysis :
_bpolicy study, publication and advocacy
260 _a[Quezon City]
_bCenter for People Empowerment in Governance (CenPEG)
_c2007
300 _a107 p.
_c22 cm
521 _acollege students
526 _c1210L-1700L
541 _j1
562 _e1
942 _2lcc
_cBK
_kFIL
999 _c17230
_d17230